• 首页
  • 本馆介绍
  • 公告通知
  • 最新文献
  • 馆藏检索
  • 电子资源
  • 读者导购
  • 参考咨询
  • 我的图书馆
  • 登录
  • 详细信息显示
  • 放入我的书架
  • 预约/预借图书
  • 作者相关作品
  • 分类相关作品
  • 丛书相关作品
  • 出版社相关作品

书目信息

  • 表格格式
  • 工作单格式
  • 卡片格式
题名:
环境可持续发展历史研究
    
 
作者: 陈雄 著
分册:  
出版信息: 北京   光明日报出版社  2015
页数: 272页
开本: 25cm
丛书名: 学术之光文库
单 册:
中图分类: X22-092
科图分类:
主题词: 可持续性发展--历史--中国--古代
电子资源:
ISBN: 978-7-5112-7415-1
000 01157oam2 2200265 450
001 012015000815
005 20150911082535.29
010    @a978-7-5112-7415-1@b精装@dCNY68.00
100    @a20141205d2015 em y0chiy50 ea
101 0  @achi
102    @aCN@b110000
105    @ay z 000yy
106    @ar
200 1  @a环境可持续发展历史研究@Ahuan jing ke chi xu fa zhan li shi yan jiu@f陈雄著
210    @a北京@c光明日报出版社@d2015
215    @a272页@d25cm
225 2  @a学术之光文库
300    @a国家社会科学基金项目
330    @a本书在分析中国古代环境可持续发展思想的产生和演进、中国古代环境可持续发展相关机构和法令的基础上,探讨了中国古代典籍中有关土地资源开发与环境可持续发展、中国古代动植物资源开发与环境可持续发展以及古代水利资源开发与环境可持续发展(以钱塘江流域为例)的相关问题。试图揭示中国古代环境可持续发展历史的表现形态与演变规律,建构中国古代环境可持续发展历史研究的学术体系,推进环境可持续发展历史研究的学术创新。
410  0 @12001 @a学术之光文库
606 0  @a可持续性发展@x历史@y中国@z古代
690    @aX22-092@v5
701  0 @a陈雄@Achen xiong@f(1963.12-)@4著
801  0 @aCN@b碧洲教育@c20150718
905    @a10447@f4@dX22-092@e184
    
    环境可持续发展历史研究/陈雄著.-北京:光明日报出版社,2015
    272页;25cm.-(学术之光文库)
    国家社会科学基金项目
    
    ISBN 978-7-5112-7415-1(精装):CNY68.00
    本书在分析中国古代环境可持续发展思想的产生和演进、中国古代环境可持续发展相关机构和法令的基础上,探讨了中国古代典籍中有关土地资源开发与环境可持续发展、中国古代动植物资源开发与环境可持续发展以及古代水利资源开发与环境可持续发展(以钱塘江流域为例)的相关问题。试图揭示中国古代环境可持续发展历史的表现形态与演变规律,建构中国古代环境可持续发展历史研究的学术体系,推进环境可持续发展历史研究的学术创新。
●
相关链接 在E读中查询图书 在五车中查询图书 在当当中查询图书 在豆瓣中查询图书


正题名:环境可持续发展历史研究     索取号:X22-092/184         预约/预借

序号 登录号 条形码 馆藏地/架位号 状态 备注
1 0847924   208479243   第二样本阅览室/ [索取号:X22-092/184] 在馆    
2 0847925   208479252   第三借阅区/ [索取号:X22-092/184] 在馆    
3 0847926   208479261   第三借阅区/ [索取号:X22-092/184] 在馆    
4 0847927   208479270   第三借阅区/ [索取号:X22-092/184] 在馆    
唐山师范学院图书馆 欢迎您!
大连网信软件有限公司© 版权所有